Kandydaci na prezydenta RP - wszystkie wybory - Statystyki

Ogólne statystyki
  • Ten quiz został rozwiązany 182 razy
  • Średni wynik to 48 z 89
Statystyki odpowiedzi
Rok wyborów Kandydat Cytat dla ułatwienia % Poprawnych
2015 Andrzej Duda "Nie pytają cię o imię, walczą z ostrym cieniem mgły."
97%
2020 Andrzej Duda "Nie pytają cię o imię, walczą z ostrym cieniem mgły."
97%
2020 Rafał Trzaskowski "Ja uważam to jest gigantomania. Przy tym, że będziemy w ciągu dwóch lat mieli lotnisko w Berlinie…"
97%
2025 Rafał Trzaskowski "Ja uważam to jest gigantomania. Przy tym, że będziemy w ciągu dwóch lat mieli lotnisko w Berlinie…"
97%
2025 Sławomir Mentzen "Piątka Konfederacji – nie chcemy Żydów, homoseksualistów, aborcji, podatków i Unii Europejskiej."
96%
2015 Grzegorz Braun "Szczęść Boże i ratuj się kto może"
95%
2025 Grzegorz Braun "Szczęść Boże i ratuj się kto może"
95%
2020 Szymon Hołownia "Jutro święto konstytucji. Czytam ją codziennie, i chciałbym kiedyś zrobić Polskę, która będzie właśnie taka. Jak będzie trzeba, to wszystko oddam, żeby właśnie taka była."
95%
2025 Szymon Hołownia "Jutro święto konstytucji. Czytam ją codziennie, i chciałbym kiedyś zrobić Polskę, która będzie właśnie taka. Jak będzie trzeba, to wszystko oddam, żeby właśnie taka była."
95%
2025 Joanna Senyszyn "Kochani! [..] Wiem że chcecie matki, która będzie kochała wszystkie swoje dzieci!"
94%
2025 Adrian Zandberg "Wierzę że inna polityka, w interesie milionów pracowników, a nie milionerów, jest możliwa"
92%
1990 Lech Wałęsa "Dobrze się stało, że źle się stało."
91%
2010 Jarosław Kaczyński "Ja nie wiem, kim byli pana dziadkowie, ale wiem jedno: pan jest niemieckim agentem, po prostu niemieckim agentem."
91%
2025 Karol Nawrocki "Przede wszystkim nie ma Pan zdolności honorowej do tego, aby zabierać głos w kwestiach mieszkań"
91%
2005 Lech Kaczyński "Kazałem wyrzucić Marcinkiewicza, to jest prawda. I miałem świętą rację, bo premier musi być określonego formatu."
91%
1995 Lech Wałęsa "Dobrze się stało, że źle się stało."
91%
2000 Lech Wałęsa "Dobrze się stało, że źle się stało."
91%
2025 Maciej Maciak "Tak, podziwiam Putina"
91%
2025 Magdalena Biejat "W przeciwieństwie do ciebie A. ja nie szukam wymówek, żeby nie robić rzeczy"
91%
1995 Aleksander Kwaśniewski "Może wypiłem jeden kieliszek, a może dziesięć. Mam prawo robić co chcę, jestem wolnym człowiekiem. To są moi przyjaciele."
90%
2000 Aleksander Kwaśniewski "Może wypiłem jeden kieliszek, a może dziesięć. Mam prawo robić co chcę, jestem wolnym człowiekiem. To są moi przyjaciele."
90%
2020 Marek Jakubiak "Mamy [w Polsce] na 9 tysięcy lat węgla. Na 9 tysięcy lat."
89%
2025 Marek Jakubiak "Mamy [w Polsce] na 9 tysięcy lat węgla. Na 9 tysięcy lat."
89%
2025 Marek Woch "Jestem hydraulikiem i wiem jak dokręcić wszystkim politykom śrubę!"
86%
2010 Bronisław Komorowski "Chodź, szogunie."
85%
2015 Bronisław Komorowski "Chodź, szogunie."
85%
2025 Krzysztof Stanowski "Co Panowie zrobią, co się wam wydaje - nic nie zrobicie i nic się wam nie wydaje, bo najpierw musicie zapytać waszych przełożonych co macie zrobić. W tej debacie uczestniczą niewłaściwe osoby."
84%
2005 Donald Tusk "Pieniądze, które są w OFE nie są własnością Polaków. Gdyby były własnością Polaków, to każdy mógłby wycofać pieniądze z OFE."
81%
2020 Krzysztof Bosak "Zgoda, że Marsz Niepodległości nie był jeszcze doskonały. Ale był lepszy, niż rok temu. A Polska z Marszem jest lepsza, niż gdy go nie było."
81%
1995 Janusz Korwin-Mikke "Bo nie o to chodzi by zmieniać świnię przy korycie, tylko koryto im zabrać."
78%
2000 Janusz Korwin-Mikke "Bo nie o to chodzi by zmieniać świnię przy korycie, tylko koryto im zabrać."
78%
2005 Janusz Korwin-Mikke "Bo nie o to chodzi by zmieniać świnię przy korycie, tylko koryto im zabrać."
78%
2010 Janusz Korwin-Mikke "Bo nie o to chodzi by zmieniać świnię przy korycie, tylko koryto im zabrać."
78%
2015 Janusz Korwin-Mikke "Bo nie o to chodzi by zmieniać świnię przy korycie, tylko koryto im zabrać."
78%
2025 Artur Bartoszewicz "Macie orginał, nie musicie robić głosowania na kopie."
71%
2020 Stanisław Żółtek "Aż mi strach zaproponować rządowi, żeby może przypomnieli sobie, że są budki od piwa, żeby jeszcze Menelowe+ dorzucili - bo to są głosy wyborcze"
71%
2015 Paweł Kukiz "JOWy"
67%
2020 Robert Biedroń "Czy polski Sejm jest zaściankiem? Myślę, że tak."
67%
2020 Władysław Kosiniak-Kamysz "Jak nie można być lwem, to też trzeba być lisem."
64%
1995 Andrzej Lepper "Balcerowicz musi odejść!"
62%
2005 Andrzej Lepper "Balcerowicz musi odejść!"
62%
2010 Andrzej Lepper "Balcerowicz musi odejść!"
62%
2000 Andrzej Lepper "Balcerowicz musi odejść!"
62%
2015 Paweł Tanajno "Darmowa średnia Hawajska dla każdego!"
61%
2020 Paweł Tanajno "Darmowa średnia Hawajska dla każdego!"
61%
2015 Magdalena Ogórek "Wiem, że na razie jeszcze zarówno jak Stany Zjednoczone tak i Polska nie były do tej pory gotowe na kobietę, ale ja wierzę w to, że w ciągu najbliższych lat, to się nie zmieni."
60%
1990 Stanisław Tymiński "W 1990 roku miałem w drugiej turze 53 procent głosów. Wybory były sfałszowane. Wiem o tym, ale nie powiem skąd."
58%
2005 Stanisław Tymiński "W 1990 roku miałem w drugiej turze 53 procent głosów. Wybory były sfałszowane. Wiem o tym, ale nie powiem skąd."
58%
1990 Tadeusz Mazowiecki "Mogę być premierem dobrym lub złym, ale nie zgodzę się być premierem malowanym."
57%
1995 Waldemar Pawlak "Na wschodzie bez zmian."
41%
2010 Waldemar Pawlak "Na wschodzie bez zmian."
41%
1990 Włodzimierz Cimoszewicz "Potwierdza się, że trzeba być przezornym, zapobiegliwym i trzeba się ubezpieczać, a ta prawda jest ciągle mało powszechna."
40%
2010 Grzegorz Napieralski "Nie żądajcie ode mnie bezwarunkowego potępienia Jałty, bo oznaczałoby to, że każecie mi potępić mojego dziadka."
37%
2015 Janusz Palikot "Gdyby J.K. i P. G. oraz kolega A.M. zapalili sobie skręta raz dziennie, na pewno Polska byłaby bardziej przyjemna niż wtedy kiedy oni zupełnie na trzeźwo komentują rzeczywistość w naszym kraju."
37%
2000 Andrzej Olechowski "Mnie dziwi taka obawa Bronisława Komorowskiego i generalnie Platformy w ostatnich czasach, żeby ktoś im nie przylepił łatki, że oni by chcieli prywatyzować. Moja Platforma się tego nie bała. Dzisiejsza się boi."
36%
2010 Andrzej Olechowski "Mnie dziwi taka obawa Bronisława Komorowskiego i generalnie Platformy w ostatnich czasach, żeby ktoś im nie przylepił łatki, że oni by chcieli prywatyzować. Moja Platforma się tego nie bała. Dzisiejsza się boi."
36%
2020 Małgorzata Kidawa-Błońska "Śmieszą mnie pytania o program.""
36%
2020 Mirosław Piotrowski "Starałem się systematycznie na falach radia Maryja i w telewizji Trwam przybliżać państwu kulisy działania Unii Europejskiej"
36%
2020 Waldemar Witkowski "Jestem przedstawicielem ideowej lewicy pozaparlamentarnej."
33%
1995 Jan Olszewski "Potrzebne było dostosowanie okrągłostołowego, postkomunistycznego modelu, do rzeczywistych potrzeb demokratycznego państwa prawa. Ten proces należało rozpocząć od lustracji."
32%
2015 Marian Kowalski "Po 25 latach tym pier####m trzeba skopać d### i wyp####ć przez okno z budynku Sejmu."
31%
2000 Marian Krzaklewski "Muszę przyznać, że słabość do swojej urody już mi dawno minęła."
30%
2015 Adam Jarubas "Rząd zdradził rolników."
27%
1995 Hanna Gronkiewicz-Waltz "Nasze miasto może się rozwijać tak samo lub szybciej niż inne stolice."
26%
2010 Kornel Morawiecki "Rosja nie prowadzi agresywnej polityki."
26%
2015 Jacek Wilk "Już prawie połowa lata, a globalnego ocieplenia jak nie było, tak nie ma – zimno, deszczowo, dżdżyście…"
23%
1995 Jacek Kuroń "Ja Polak ze Lwowa dumny jestem z tego, że Lwów jest ukraińskim miastem."
22%
1990 Leszek Moczulski "My mamy pretensję, że wy jesteście z PZPR, to znaczy, rozszyfruję ten skrót – płatni zdrajcy, pachołki Rosji."
22%
2000 Jarosław Kalinowski "Myślałem, że będziemy rozmawiać o KRUS."
20%
2005 Jarosław Kalinowski "Myślałem, że będziemy rozmawiać o KRUS."
20%
1995 Leszek Bubel "Nasze kamienice, wasze ulice."
20%
2005 Leszke Bubel "Nasze kamienice, wasze ulice."
20%
1990 Roman Bartoszcze "Uważam, Wysoka Izbo, że najwyższy czas odejść od wzorców, od wizji urządzania Polski widzianej z salonów Paryża, Londynu, Brukseli."
19%
2005 Marek Borowski "Część polityków SLD myśli tylko o tym, jak utopić mnie w łyżce wody."
18%
2000 Piotr Ikonowicz "Było biednie, ale autentycznie, mniej pracowaliśmy, mieliśmy więcej czasu wolnego, który mogliśmy spędzać z rodziną i przyjaciółmi nawiązując z nimi bezpośrednie, autentyczne, nieurzeczowione relacje (…)." (o PRL-u)
16%
2010 Marek Jurek "Dzieci, które nie dostają w skórę, są mniej współczujące i bardziej histeryczne."
14%
1995 Jan Pietrzak "Mam okrutny żart z tymi imigrantami, że oni liczą na to, że Polacy są przygotowani, bo mamy baraki. Mamy baraki dla imigrantów: w Auschwitz, w Majdanku, w Treblince, w Stutthofie."
12%
2005 Adam Słomka [poseł KPNu]
9%
2000 Bogdan Pawłowski "Polska dla Polaków"
9%
2010 Bogusław Ziętek "Ludzie dziś od związkowców nie oczekują, że będą świetnie palić opony, choć to też muszą robić.."
9%
2005 Henryka Bochniarz [później na stanowisku prezydenta Konfederacji Lewiatan]
9%
1995 Tadeusz Zieliński [Ówczesny RPO]
9%
2000 Tadeusz Wilecki "Seneka powiedział kiedyś, że lepiej mieć lwa na czele armii owiec, niż owce na czele armii lwów"
8%
1995 Kazimierz Piotrowicz "### jest zapewne jedynym człowiekiem na świecie który nie kończył studiów medycznych, a pomimo to uzyskał kolejno wszystkie tytuły naukowe – włącznie z trzystopniowym tytułem profesora." - o sobie samym
6%
2005 Liwiusz Iliasz "Cieszę się, że nie mam doświadczenia w polityce w Polsce, dlatego, że byłbym zepsuty."
6%
2000 Jan Łopuszański "Uważam Radio Maryja za jedno z najpiękniejszych rzeczy jakie zdarzyły się w Polsce w ostatnich latach."
5%
2005 Jan Pyszko [Reprezentant szwajcarskiej polonii]
5%
2000 Dariusz Grabowski "Mamy do czynienia z demontażem państwa, przeprowadzanym, czy to pod pretekstem kryzysu, czy pod pretekstem reformy."
4%
1995 Tadeusz Koźluk [Założyciel WUMedu]
3%
Nie znaleziono quizów pasujących do podanych kryteriów
Rozkład punktacji
Procent ludzi z każdym wynikiem
Percentyl według liczby udzielonych odpowiedzi
Twoja historia wyników
Nie rozwiązałeś tego quizu